| 000 | 02242cam a2200421 a 4500 | ||
|---|---|---|---|
| 999 |
_c4831 _d4831 |
||
| 001 | 452741 | ||
| 003 | GBCCL | ||
| 005 | 20241126110527.0 | ||
| 008 | 090323s2009 ilua b 001 0 eng | ||
| 010 | _a 2009011892 | ||
| 020 | _a9780802490926 | ||
| 020 | _a0802490921 | ||
| 029 | 1 |
_aNZ1 _b13199080 |
|
| 029 | 1 |
_aAU@ _b000043985150 |
|
| 035 | _a(OCoLC)ocn301890096 | ||
| 035 | _a(OCoLC)301890096 | ||
| 040 |
_aDLC _beng _cDLC _dBTCTA _dDTM _dSGB _dBDX _dMSB _dYDXCP _dOCLCF _dLBB |
||
| 049 | _aLBBA | ||
| 050 | 0 | 0 |
_aBS476 _b.M35 2009 |
| 082 | 0 | 0 |
_a220.601 _222 _bMCQ |
| 090 |
_aBS476 _b.M35 2009 |
||
| 100 | 1 |
_aMcQuilkin, J. Robertson, _d1927- _91625 |
|
| 245 | 1 | 0 |
_aUnderstanding and applying the Bible / _cRobertson McQuilkin. |
| 250 | _aRev. and exp. | ||
| 260 |
_aChicago : _bMoody Publishers, _cc2009. |
||
| 300 |
_a382 p. : _bill. ; _c23 cm. |
||
| 504 | _aIncludes bibliographical references (p. [353]-356) and indexes. | ||
| 505 | 0 | _aPresupposition of biblical interpretation -- Supernaturalistic approaches of premoderns -- The naturalistic approaches of moderns -- The naturalistic approaches of postmoderns -- Dogmatic approaches -- Basic principles for understanding the Bible -- Understanding human language -- Historical, physical, and cultural setting -- A method of word study -- Analyzing thought structure -- Examining the context -- Figurative language -- Parables -- Hebrew poetry -- Unity of Scripture -- Coherence of truth -- Approach to alleged discrepancies -- Biblical prophecy -- Identifying the audience God intended -- Identifying the response God desires. | |
| 630 | 0 | 0 |
_aBible _xHermeneutics. _91790 |
| 630 | 0 | 0 |
_aBible _xCriticism, interpretation, etc. _9144 |
| 630 | 0 | 7 |
_aBible. _2fast _0(OCoLC)fst01356024 _9599 |
| 650 | 7 |
_aHermeneutics. _2fast _0(OCoLC)fst00955492 _91913 |
|
| 655 | 7 |
_aCriticism, interpretation, etc. _2fast _0(OCoLC)fst01411635 _91372 |
|
| 856 | 4 | 2 |
_3Contributor biographical information _uhttp://catdir.loc.gov/catdir/enhancements/fy1008/2009011892-b.html |
| 856 | 4 | 2 |
_3Publisher description _uhttp://catdir.loc.gov/catdir/enhancements/fy1008/2009011892-d.html |
| 856 | 4 | 1 |
_3Table of contents only _uhttp://catdir.loc.gov/catdir/enhancements/fy1116/2009011892-t.html |
| 942 |
_2ddc _cBK _049 |
||